Religion Quiz

Random Religion Quiz

Grainger and rooney Quiz Stats

 Plays Quiz not verified by Sporcle

Also try: 12 Sons of Jacob
Challenge
Share
Tweet
Embed
Score 0/10 Timer 10:00
0 Plays Today
Hint Answer % Correct
paul
93.3%
orla
73.3%
fintan
66.7%
lindsay
53.3%
peter
53.3%
polly
46.7%
phil
46.7%
mandy
46.7%
nicole
46.7%
dr cocks
40%

You're not logged in!

Compare scores with friends on all Sporcle quizzes.
OR
Log In

You Might Also Like...

Show Comments

Extras

Created Jan 9, 2015ReportNominate
Tags:rooney

Top Quizzes Today


Score Distribution

Your Account Isn't Verified!

In order to create a playlist on Sporcle, you need to verify the email address you used during registration. Go to your Sporcle Settings to finish the process.

Report this User

Report this user for behavior that violates our Community Guidelines.

Details: